| 000 | 00581cam a2200217 a 4500 | ||
|---|---|---|---|
| 001 | 14787140 | ||
| 005 | 20180814065457.0 | ||
| 008 | 070328s1998 nyua 001 0 eng | ||
| 010 | _a 2007273230 | ||
| 020 | _a0321037979 | ||
| 040 |
_aDLC _cDLC _dDLC |
||
| 041 | _aeng | ||
| 080 | _a37 | ||
| 082 | _237 | ||
| 100 | 1 | _a47 | |
| 101 | _aEDU | ||
| 245 | 1 | 4 |
_aThe Little, Brown handbook / _cH. Ramsey Fowler, Jane E. Aaron. |
| 906 |
_a7 _bcbc _corigcop _d1 _encip _f20 _gy-gencatlg |
||
| 942 |
_2ddc _cBK |
||
| 999 |
_c47120 _d47120 |
||